000 00897nam a2200337Ia 4500
003 OSt
005 20240517110314.0
008 210210b1931 xxu||||| |||| 00| 0 eng d
040 _cAL
041 _aeng
082 _a954/699
100 _aIndia, (Archaeological Survey of)
_9165668
245 _aAnnual report on South Indian epigraphy for the year ending 31st March 1929
260 _aMadras
_bSuperintendent Government Printing
_c1931
300 _a65
650 _ayear
_9165669
650 _aSouth
_9165670
650 _areport
_9165671
650 _aon
_9165672
650 _aMarch
_9165673
650 _aIndian
_9165674
650 _afor
_9165675
650 _aepigraphy
_9165676
650 _aending
_9165677
650 _aAnnual
_9165678
650 _a31st
_9165679
650 _a1929
_9165680
690 _aIndian History
_9165681
906 _a002199
942 _2ddc
_cBK
999 _c121140
_d121140